000 00766nam a22002537a 4500
001 52926
003 UA-OsUOA
005 20210621223711.0
007 ta
008 20080306b un ||||| |||| 00| 0 ukr d
020 _a9663191392
040 _aUA-OsUOA
_bukr
_cUA-OsUOA
_dUA-OsUOA
041 _aukr
080 _a821.161.2
090 _a821.161.2
_bС24
100 _aСвидницький А.
245 _aЛюборацькі
_bоповідання, нариси, статті
_cупоряд. Р. Мовчан
260 _aК.
_bА. С. К.
_c2006
300 _a640 с.
650 7 _a82 Література. Літературознавство
_2UDC
942 _cBK
_2udc
955 _a2
999 _c339003
_d339003